00489nam a2200169Ia 4500001000900000003000500009005001700014008004100031010001100072040000900083082001600092100002300108245011200131264000900243300000900252440005800261dia_1141CHAP20230126102131.0220117s9999 xx 000 0 und d a171687 cCHAP a380.141 A53 aAlexander, Medford aPolítica de Inversión para Proyectos de Mercado Agricola /c por Alexander Medford y José Soto Angli c1973 a129P aMonografía Sobre Desarrollo del Sector Agropecuario